LEADER 00910nam0-22003251i-450- 001 990001483720403321 005 20091203142418.0 010 $a1-55860-254-2 035 $a000148372 035 $aFED01000148372 035 $a(Aleph)000148372FED01 035 $a000148372 100 $a20010522d1993----km-y0itay50------ba 101 0 $aeng 102 $aUS 105 $aa---a---001yy 200 1 $aParallel processing$efrom applications to systems$fDan I. Moldovan 210 $aSan Mateo, California$cMorgan Kaufmann Publishers$dc1993 215 $axviii, 567 p.$cill.$d24 cm 610 0 $aProcessi paralleli 610 0 $aMultielaborazione 676 $a004.35$v21 700 1$aMoldovan,$bDan I.$065761 801 0$aIT$bUNINA$gRICA$2UNIMARC 901 $aBK 912 $a990001483720403321 952 $a004.35-MOL-1$fSC1 959 $aSC1 996 $aParallel processing$9378159 997 $aUNINA LEADER 01181nam0 22002531i 450 001 UON00023851 005 20231205102031.457 100 $a20020107d1980 |0itac50 ba 101 $afre 102 $aFR 105 $a|||| 1|||| 200 1 $aA la poursuite du soleil... : suivi de quelques-unes de ces nouvelles en texte original turc$fSamim Kocagoz$gtraduit par M. Nicolas 210 $aParis$cA. Maisonneuve$d1980 252 p. ; 19 cm 606 $aLetteratura turca$xProsa$3UONC001300$2FI 620 $aFR$dParis$3UONL002984 686 $aTUR VI BA$cTurchia - Letteratura - Testi$2A 700 1$aKOCAGOZ$bSamim$3UONV017040$0642690 712 $aLibrairie d'Amerique et d'Orient Adrien Maisonneuve$3UONV246049$4650 801 $aIT$bSOL$c20260206$gRICA 899 $aSIBA - SISTEMA BIBLIOTECARIO DI ATENEO E ARCHIVIO STORICO$2UONSI 912 $aUON00023851 950 $aSIBA - SISTEMA BIBLIOTECARIO DI ATENEO E ARCHIVIO STORICO$dSI TUR VI BA 215 N $eSI SA 83877 7 215 N 996 $aA la poursuite du soleil... : suivi de quelques-unes de ces nouvelles en texte original turc$91198998 997 $aUNIOR